000 00786cam a2200241 4500
008 090401t1998 xxu||||| |||| 00| 0 eng d
020 _a1862130310
035 _a(Sirsi) u90933
041 _aeng
050 _a333.0062
245 4 _aThe Inside careers guide to chartered surveyors 1999.
260 _aLondon
_bCambridge Market Intelligence Limited
_c1998
300 _ax, 126p. ; 21cm.
350 _a9.95
520 _aPublished in association with the Royal Institution of Chartered Surveyors. Formerly entitled Ivanhoe Career Guide.
650 _aCAREERS, EDUCATION AND TRAINING
650 _aABOUT RICS-RICS MEMBERS
650 _aDIRECTORIES
650 _aRICS
690 _aMANAGEMENT-BUSINESS MANAGEMENT-PROFESSIONAL PRACTICE
942 _n0
948 _c27/01/1999
999 _c97591
_d97591